|
|
|
|
| LEADER |
00000nam0a2200000 4500 |
| 001 |
224571 |
| 005 |
20231101230611.0 |
| 010 |
|
|
|a 5120016677
|
| 035 |
|
|
|a (RuTPU)RU\TPU\book\244884
|
| 090 |
|
|
|a 224571
|
| 100 |
|
|
|a 20121027d1989 km y0rusy50 ca
|
| 101 |
0 |
|
|a rus
|
| 102 |
|
|
|a UA
|
| 105 |
|
|
|a a z 001zy
|
| 200 |
1 |
|
|a Вибродоставочные комплексы в технологиях разработки рудных месторождений
|f Академия наук Украинской ССР (АН УССР), Институт геотехнической механики (ИГМ) ; под ред. В. И. Белоброва
|
| 210 |
|
|
|a Киев
|c Наукова думка
|d 1989
|
| 215 |
|
|
|a 168 с.
|c ил.
|
| 320 |
|
|
|a Библиогр.: с. 166-167.
|
| 606 |
1 |
|
|a Рудничный транспорт, вибрационный
|2 stltpush
|3 (RuTPU)RU\TPU\subj\25915
|9 49955
|
| 610 |
1 |
|
|a рудные месторождения
|
| 610 |
1 |
|
|a разработка
|
| 610 |
1 |
|
|a горный транспорт
|
| 610 |
1 |
|
|a подземный транспорт
|
| 610 |
1 |
|
|a вибропитатели
|
| 610 |
1 |
|
|a вибропневмотранспорт
|
| 610 |
1 |
|
|a ленточные конвейеры
|
| 610 |
1 |
|
|a механизация
|
| 610 |
1 |
|
|a безотходные технологии
|
| 675 |
|
|
|a 622.646
|v 3
|
| 702 |
|
1 |
|a Белобров
|b В. И.
|4 340
|
| 712 |
0 |
2 |
|a Академия наук Украинской ССР (АН УССР)
|b Институт геотехнической механики (ИГМ)
|2 stltpush
|3 (RuTPU)RU\TPU\col\11530
|
| 801 |
|
1 |
|a RU
|b 63413507
|c 20121027
|
| 801 |
|
2 |
|a RU
|b 63413507
|c 20130930
|g RCR
|
| 942 |
|
|
|c BK
|